| Tag |
First Indicator |
Second Indicator |
Subfields |
| LEADER |
00000cam a2200000 a 4500 |
| 001 |
in00002544113 |
| 005 |
20211202192653.0 |
| 006 |
m d f |
| 007 |
cr bn||||||||| |
| 008 |
091215s2000 dcuab s f000 0 eng c |
| 035 |
|
|
|a (OCoLC)ocn489116837
|
| 040 |
|
|
|a GPO
|c GPO
|d MvI
|d UtOrBLW
|
| 042 |
|
|
|a pcc
|
| 043 |
|
|
|a n-us---
|
| 049 |
|
|
|a WWW
|
| 074 |
|
|
|a 0216-A-05 (online)
|
| 086 |
0 |
|
|a FEM 1.2:T 72
|
| 088 |
|
|
|a FEMA 159
|
| 245 |
0 |
0 |
|a Earthquakes :
|b a teacher's package for K-6.
|
| 246 |
1 |
|
|i At head of title on cover:
|a Tremor troop
|
| 246 |
3 |
0 |
|a Teacher's package for K-6
|
| 250 |
|
|
|a Rev. ed.
|
| 264 |
|
1 |
|a [Washington, D.C.] :
|b Federal Emergency Management Agency,
|c [2000]
|
| 300 |
|
|
|a 1 online resource (259 unnumbered pages) :
|b illustrations, maps.
|
| 336 |
|
|
|a text
|b txt
|2 rdacontent
|
| 337 |
|
|
|a computer
|b c
|2 rdamedia
|
| 338 |
|
|
|a online resource
|b cr
|2 rdacarrier
|
| 500 |
|
|
|a Title from PDF title screen (FEMA, viewed Sept. 2, 2009).
|
| 500 |
|
|
|a "National Science Teachers Association."
|
| 500 |
|
|
|a "August 2000."
|
| 500 |
|
|
|a "FEMA 159."
|
| 500 |
|
|
|a Electronic resource.
|
| 650 |
|
0 |
|a Earthquakes
|x Study and teaching (Elementary)
|x Activity programs
|z United States.
|
| 650 |
|
0 |
|a Earthquake hazard analysis
|x Study and teaching (Elementary)
|x Activity programs
|z United States.
|
| 650 |
|
0 |
|a Emergency management
|x Study and teaching (Elementary)
|x Activity programs
|z United States.
|
| 776 |
0 |
8 |
|i Print version:
|t Earthquakes.
|h 146, [178] p.
|w (OCoLC)45647617
|
| 710 |
1 |
|
|a United States.
|b Federal Emergency Management Agency.
|
| 710 |
2 |
|
|a National Science Teachers Association.
|
| 856 |
4 |
0 |
|u https://purl.fdlp.gov/GPO/LPS117713
|t 0
|
| 999 |
|
|
|a MARS
|
| 999 |
f |
f |
|s b2758023-504f-374e-a5b7-375c13c3e902
|i 96a70dfe-9d98-36ff-aee1-b9e6bf77fc75
|t 0
|
| 952 |
f |
f |
|a Texas A&M University
|b College Station
|c Electronic Resources
|d Available Online
|t 0
|e FEM 1.2:T 72
|h Superintendent of Documents classification
|
| 998 |
f |
f |
|a FEM 1.2:T 72
|t 0
|l Available Online
|